Manuel de prospective stratégique (Registro nro. 273708)

Detalles MARC
000 -ENCABEZADO
Número de control [NR] 00938cam a2200265Li 4500
005 - FECHA Y HORA DE LA ÚLTIMA TRANSACCIÓN
control field 20140728080046.0
008 - DE LONGITUD FIJA DE DATOS DE ELEMENTOS - INFORMACIÓN GENERAL
Elementos de longitud fija [NR] 140728s2007 fr d fr 001 0 fre d
020 ## - NUMERO INTERNACIONAL NORMALIZADO PARA LIBROS [R]
Número Internacional Normalizado del libro [NR] 9782100512812 (vol. 1)
040 ## - FUENTE DE CATALOGACION [NR]
Agencia de catalogación original [NR] CO-BoUCM
Idioma de catalogación [NR] spa
Quien Cataloga Jose A. Gerena
Quien Clasifica Jose A. Gerena
041 0# - CODIGO DE IDIOMA [R]
Código de idioma para texto/pista de sonido o título separado [R] Francés
100 1# - ASIENTO PRINCIPAL--NOMBRE PERSONAL [NR]
Nombre personal [NR] Godet, Michel
ID Autoridad 63347
245 10 - MENCION DE TITULO [NR]
Título [NR] Manuel de prospective stratégique
Mención de responsabilidad, etc. [NR] Michel Godet
250 ## - MENCION DE EDICION [NR]
Mención de edición [NR] 3e éd
260 ## - PUBLICACION, DISTRIBUCION, ETC. (PIE DE IMPRENTA) [R]
Lugar de publicación, distribución, etc. [R] Paris (Francia)
Nombre del editor, distribuidor, etc. [R] Dunod
Fecha de publicación, distribución, etc. [R] 2007
300 ## - DESCRIPCION FISICA [R]
Extensión [R] xiv,279 páginas
Otros detalles físicos [NR] cuadros
490 0# - MENCION DE SERIE [R]
Mención de serie [R] Progrès du management
504 ## - NOTA DE BIBLIOGRAFIA, ETC. [R]
Nota de bibliografía, etc. [NR] Incluye referencias bibliográficas e índices
505 1# - NOTA DE CONTENIDO CON FORMATO PREESTABLECIDO [R]
Información miscelánea [R] V.1
State manifest and birth record (1764-1977). Une indiscipline intellectuelle
650 #7 - ASIENTO SECUNDARIO DE MATERIA - TERMINO TEMATICO [R]
Término temático o nombre geográfico como elemento de entrada [NR] Administración de empresas
9 (RLIN) 26444
650 #7 - ASIENTO SECUNDARIO DE MATERIA - TERMINO TEMATICO [R]
Término temático o nombre geográfico como elemento de entrada [NR] Planificación estratégica
9 (RLIN) 21662
650 #7 - ASIENTO SECUNDARIO DE MATERIA - TERMINO TEMATICO [R]
Término temático o nombre geográfico como elemento de entrada [NR] Desarrollo organizacional
9 (RLIN) 12980
690 ## - ASUNTO AGREGADO LOCAL DE ENTRADA - TÉRMINO TEMÁTICO (OCLC, RLIN)
9 (RLIN) 42736
Acceso temático local Administración de empresas
942 ## - ELEMENTOS DE ENTRADA AGREGADOS (KOHA)
Sistema de clasificación DEWEY
Tema principal Administración
Tipo de ítem principal el descrito en 300a Libro de reserva
Edición 3
Clasificación 658.4
Parte restante de la signatura top. G582
Existencias
Signatura topográfica Código de barras Última vez visto Volúmen / Fascículo Ejemplar Costo de reposición Price effective from Tipo de ítem Perdido Sistema de clasificación Dañado No prestable Tipo de ítem específico Suprimido Ubicación habitual Ubicación actual Localización Fecha de creación Proveedor Forma de adquisición Costo
658.4 G582 100143301 03/12/2024 3a.Ed. V.1 Ej.2 114035.00 22/07/2014 Libro   DEWEY     Libro   Bodega Bodega 5to piso 22/07/2014 37 Compra 114034.00